000 01544naa a22003737a 4500
001 BR8401360
003 BR-BrBNA
005 20250721154434.0
007 ta
008 250630b bl.|||m| |||| 00| 0 por d
040 _aBR-BrBNA
_bpor
_cBiblioteca Nacional de Agricultura
041 _a(Pt)
072 _aH10
_b0120
_b4050
090 _aH10 BR8401360
100 1 _aStradioto, M.F.
100 1 _aFerraz, L.C.C.B.
100 1 _aPitelli, R.A.
111 1 _a7. Reuniao Brasileira de Nematologia
_cBrasilia, DF (Brazil)
_d21-25 Feb 1983
245 1 _aDinamica populacional de Pratylenchus brachyurus em cultura de milho (Zea mays L.)infestada por plantas daninhas [nematoide]
246 1 _aPopulation dynamics of Pratylenchus brachyurus in a maize crop (Zea mays L.)infested with weeds [nematode]
246 1 _a[Works submitted to the 7. Brazilian Meeting on Nematology]
500 _aTrabalhos apresentados a 7. Reuniao Brasileira de Nematologia Piracicaba, SP (Brasil): 1983. p. 99-115 [13 illus.; 6 ref.; Summaries (En, Pt)] (BR8401360-AMS)
773 0 _tTrabalhos apresentados a 7. Reuniao Brasileira de Nematologia
_wH10 BR8401360
_gPiracicaba, SP (Brasil), 1983. p. 99-115
650 _aMILHO
650 _aLAVOURA
650 _aERVA DANINHA
650 _aHOSPEDEIRO
650 _aNEMATOIDE
650 _aINFESTACAO
650 _aDINAMICA POPULACIONAL
490 _aPublicacao - Sociedade Brasileira de Nematologia (Brazil)
_vno. 7
_xISSN 0101-7020
942 _cAMS
_2AGRIS
909 _a202506
_bLúcia
_c55
_dLúcia Elande
999 _c334761
_d334761